Μικρά πράγματα σαν κι αυτά / (Record no. 10085)
[ view plain ]
| 000 -LEADER | |
|---|---|
| fixed length control field | 02865nam a22002777a 4500 |
| 003 - ΤΑΥΤΟΤΗΤΑ ΤΟΥ ΑΡΙΘΜΟΥ ΕΛΕΓΧΟΥ | |
| Πεδίο ελέγχου | GR-AtMCL |
| 005 - ΗΜΕΡΟΜΗΝΙΑ ΚΑΙ ΩΡΑ ΤΕΛΕΥΤΑΙΑΣ ΕΝΗΜΕΡΩΣΗΣ | |
| Πεδίο ελέγχου | 20260128101628.0 |
| 006 - FIXED-LENGTH DATA ELEMENTS--ADDITIONAL MATERIAL CHARACTERISTICS | |
| Πεδίο ελέγχου σταθερού μήκους | a|||||r||||||||||| |
| 008 - FIXED-LENGTH DATA ELEMENTS--GENERAL INFORMATION | |
| Πεδίο ελέγχου σταθερού μήκους | e202211 gr |||||||||||||||||gre d |
| 020 ## - ISBN | |
| ISBN | 9786180332230 |
| 040 ## - ΠΗΓΗ ΚΑΤΑΛΟΓΟΓΡΑΦΗΣΗΣ | |
| Φορέας πρωτότυπης καταλογογράφησης | MC Athens Campus Library |
| Γλώσσα καταλογογράφησης | Ελληνικά, Μοντέρνα (1453-) |
| Modifying agency | MC Athens Campus Library |
| 041 1# - ΓΛΩΣΣΑ | |
| Κωδικός γλώσσας πρωτότυπου | Αγγλικά |
| 100 ## - MAIN ENTRY--PERSONAL NAME | |
| Personal name | Keegan, Claire |
| 9 (RLIN) | 10300 |
| 240 10 - ΟΜΟΙΟΜΟΡΦΟΣ ΤΙΤΛΟΣ | |
| Ομοιόμορφος τίτλος | Small things like these. |
| Language of a work | Ελληνικά |
| 245 10 - ΤΙΤΛΟΣ ΚΑΙ ΔΗΛΩΣΗ ΥΠΕΥΘΥΝΟΤΗΤΑΣ | |
| Τίτλος | Μικρά πράγματα σαν κι αυτά / |
| Statement of responsibility, etc. | Claire Keegan ; μετάφραση Μαρτίνα Ασκητοπούλου |
| 250 ## - EDITION STATEMENT | |
| Edition statement | 1η έκδ. |
| 264 #1 - PRODUCTION, PUBLICATION, DISTRIBUTION, MANUFACTURE, AND COPYRIGHT NOTICE | |
| Place of production, publication, distribution, manufacture | Αθήνα : |
| Name of producer, publisher, distributor, manufacturer | Μεταίχμιο, |
| Date of production, publication, distribution, manufacture, or copyright notice | 2022 |
| 300 ## - PHYSICAL DESCRIPTION | |
| Extent | 125 σ.; |
| Διαστάσεις | 20 εκ. |
| 500 ## - GENERAL NOTE | |
| Γενική σημείωση | Το κείμενο είναι μεταφρασμένο από τα αγγλικά |
| 520 ## - SUMMARY, ETC. | |
| Summary, etc. | Το βιβλίο μικρά πράγματα σαν κι αυτά είναι το βαθιά συγκινητικό, λιτό σε έκταση αλλά τεράστιο σε συναισθηματικό βάθος λογοτεχνικό έργο της πολυβραβευμένης Claire Keegan. Πρόκειται για ένα μυθιστόρημα που αποτυπώνει με διακριτικότητα και ανθρωπιά τις μικρές, καθημερινές πράξεις που μπορούν να αλλάξουν τη ζωή ενός ανθρώπου ? και ενδεχομένως ολόκληρης μιας κοινωνίας. Είναι 1985. Βρισκόμαστε σε μια μικρή πόλη της Ιρλανδίας. Πλησιάζουν Χριστούγεννα, εποχή πολυάσχολη για τον Μπιλ Φέρλονγκ, προμηθευτή καυσόξυλων και πατέρα πέντε κοριτσιών. Νωρίς ένα πρωί, κι ενώ προσπαθεί να προλάβει τις παραγγελίες των πελατών του, φτάνει στο τοπικό μοναστήρι που δεσπόζει ψηλά στον λόφο της πόλης για να παραδώσει μια παραγγελία. Κι εκεί θα ανακαλύψει κάτι που θα τον φέρει αντιμέτωπο τόσο με το παρελθόν του όσο και με τη συνένοχη σιωπή μιας πόλης που φαίνεται πως βρίσκεται υπό τον έλεγχο της Εκκλησίας. Μια βαθιά συγκινητική ιστορία, γεμάτη ελπίδα, ηρωισμό και συμπόνια για τους αδύναμους. Ένα πραγματικό κομψοτέχνημα που δικαία υμνήθηκε από την κριτική. |
| 650 #0 - SUBJECT ADDED ENTRY--TOPICAL TERM | |
| Topical term or geographic name entry element | Ιστορικό μυθιστόρημα |
| 9 (RLIN) | 10301 |
| 653 ## - INDEX TERM--UNCONTROLLED | |
| Μη ελεγχόμενοι όροι | Λογοτεχνία |
| 700 ## - ΠΡΟΣΘΕΤΗ ΑΝΑΓΡΑΦΗ--ΦΥΣΙΚΟ ΠΡΟΣΩΠΟ | |
| Personal name | Ασκητοπούλου, Μαρτίνα |
| 9 (RLIN) | 10302 |
| 942 ## - ADDED ENTRY ELEMENTS (KOHA) | |
| Koha item type | Books |
| Τύπος τεκμηρίου | Βιβλιοθήκη | Τρέχουσα τοποθεσία | Barcode | Αριθμός εισαγωγής | Ημερομηνία απόκτησης | Ταξιθετικό σύμβολο | Αριθμός αντιτύπου | Κατάσταση απόσυρσης | Κατάσταση χαμένου | Κατάσταση κατεστραμμένου | Μη δανεισμός | Σύνολο δανεισμών | Ημερομηνία τελευταίας εμφάνισης | Η τιμή ισχύει από |
|---|---|---|---|---|---|---|---|---|---|---|---|---|---|---|
| Books | MC Athens Campus Library | MC Athens Campus Library | 9780000100924 | 8275 | 28/01/2026 | 823.92 KEE | 1 | 28/01/2026 | 28/01/2026 |